000 00743cad a22001935a 4500
001 L154722
008 120116s2011 xxk f 000 0 eng d
035 _a(Sirsi) u154722
041 0 _aeng
110 2 _aKnight Frank
_91530
245 0 0 _aBangkok serviced apartments
_b 1 H 2011
_h[electronic resource]
260 _aBangkok
_bKnight Frank
_c2011
520 _aFocuses on the key trends and performance of Bangkok serviced apartment market. Looks at current supply and occupancy levels and provides a outlook on the market.
590 _aKA
651 4 _aThailand
690 _aResidential property
_96266
856 4 0 _uhttps://knightfrank.com/research/
_zView the report free of charge under research at www.knightfrank.com
942 _n0
999 _c113119
_d113119